Porovnanie vybraných internetových obchodov bakalárska práca

Enregistré dans:
Détails bibliographiques
Auteur principal: Guži, Dominik
Collectivité auteur: Podnikovohospodárska fakulta EU so sídlom v Košiciach. Katedra obchodného podnikania
Autres auteurs: Gajdoš, Jozef, 1962-2025
Format: Livre
Langue:slovaque
Publié: Košice 2018
Tags: Ajouter un tag
Pas de tags, Soyez le premier à ajouter un tag!

MARC

LEADER 00000nbm a2200000 4500
001 0245741
005 20181023140046.0
041 0 |a slo 
044 |a SK 
245 1 0 |a Porovnanie vybraných internetových obchodov  |b bakalárska práca  |c Dominik Guži ; školiteľ: Jozef Gajdoš 
264 1 |a Košice  |c 2018 
300 |a 57 s. 
100 1 |a Guži, Dominik 
700 1 |a Gajdoš, Jozef, 1962-2025 
710 2 |a Podnikovohospodárska fakulta EU so sídlom v Košiciach. Katedra obchodného podnikania